00522nam a2200181Ia 4500001001000000003000500010008004100015010001100056040000900067100002200076245008000098250000600178260002400184300001000208440003100218650002700249710006400276Para_6232CHAP220125s1978 xx 000 0 und d a204975 cCHAP aLeón, Carlos de aMaize diseases :b a guide for field identification /c by Carlos de León a2 aMéxico :b CIMMYT a93 p. aInformación bulletin; 11 aMaíz x enfermedades aCentro Internacional para el Mejoramiento de Maíz y Trigo